Statystyki dla Z kim grała ta reprezentacja? Mistrzostwa Świata w Katarze 2022. (3)

Kliknij tutaj aby rozwiązać quiz!

Ogólne statystyki

  • Ten quiz został rozwiązany 119 razy
  • Średni wynik to 4 z 5

Statystyki odpowiedzi

PortugaliaPrzeciwnik% Poprawnych
ĆwierćfinałMaroko
95%
Pierwszy mecz
fazy grupowej
Ghana
82%
Trzeci mecz
fazy grupowej
Korea Południowa
75%
Drugi mecz
fazy grupowej
Urugwaj
74%
1/8 finałuSzwajcaria
68%

Rozkład punktacji

Percentyl według liczby udzielonych odpowiedzi

Procent ludzi z każdym wynikiem

Twoja historia wyników

Nie rozwiązałeś tego quizu